000 01546nam a2200145 4500
999 _c513626
_d513626
008 200313b ||||| |||| 00| 0 eng d
100 _aMartinsen, Dorte Sindbjerg et al
_916817
245 _aImplementing European case law at the bureaucratic frontline: How domestic signalling influences the outcomes of EU law
260 _bPublic Administration
300 _a97(4), 2019: p.814-828.
520 _aThis article analyses the implementation of European case law at the bureaucratic frontline of European member states. Theoretically, insights from street‐level implementation studies are combined with judicial impact research. Empirically, we compare how EU rules on free movement and cross‐border welfare are applied in practice in Denmark, Austria and France. We find that when applying EU rules in practice, street‐level bureaucrats are confronted with a world of legal complexity, consisting of ambiguous rules, underspecified concepts and a recent judicial turn by the Court of Justice of the European Union. In order to manage complexity, street‐level bureaucrats turn to their more immediate superiors for guidance. As a consequence, domestic signals shape the practical application of EU law. Despite bureaucratic discretion and many country differences, domestic signals create uniform, restrictive outcomes of EU law in all three cases. Thus we show that there is considerable room for politics in EU implementation processes. - Reproduced.
773 _aPublic Administration
906 _aBureaucracy
942 _2ddc
_cAR